01723nam a2200301 a 450000100060000000300090000600800410001502000150005604000280007108200190009924500540011826000400017230000110021249000370022359000490026065000530030965000570036265000450041994200120046499900150047695201290049195201290062095201300074995201290087995201540100895201320116295201270129416388CO-ViMGA141112s2004 ck r 000 u spa d a958300572X aCO-ViMGAbspacCO-ViMGA04aCo863.086 C83510aCuentos costumbristas Colombianos ;Obras maestras aBogotá : bPanAméricana, c1999 a256.p. aBiblioteca del cuento Colombiano aForma de adquisición : Premio - Mincultura14aCOLOMBIA - CONDICIONES SOCIALES - CUENTOS92343014aCOLOMBIA - VIDA SOCIAL Y COSTUMBRES - CUENTOS92343114aCUENTOS COLOMBIANOS - COLECCIONES915113 2ddccBK c2865d2865 00102ddc40708GENaMESMARTIbMESMARTIcLITd2023-03-07l0oC CUE28pSM00051r2023-03-07 00:00:00tEj.1w2023-03-07yBKLIT 00102ddc40708GENaMEFTEORObMEFTEOROcLITd2023-08-01l0oC CUE28pFo01604r2023-08-01 20:46:00tEj.1w2023-08-01yBKLIT 00102ddc40708GENaMECUBARRbMECUBARRcLITd2023-08-02l0oC CUE28pCUB01659r2023-08-02 14:35:56tEj.1w2023-08-02yBKLIT 00102ddc40708GENaMESGUARObMESGUAROcLITd2023-09-05l0oC CUE28pSG00992r2023-09-05 16:28:13tEj.1w2023-09-05yBKLIT 00102ddc40708003aMEVIECARbMEVIECARd2015-12-04hVolumen. 1 | 11/jun/2009l0oCo863.086 C835 p16388r2015-12-04 00:00:00tEj. 1w2015-12-04yBK 00102ddc40708GENaMEPLLERASbMEPLLERAScLITd2024-05-20l0oC CUE28pPLL01316r2024-05-20 15:13:13tEj.1w2024-05-20yBKLIT 00102ddc40708GENaMESJUANIbMESJUANIcLITd2025-06-16l0oC CUE28pSJU01849r2025-06-16 17:20:44tEj.1w2025-06-16yBK